<?xml version="1.0" encoding="UTF-8"?>
<record
    xmlns:xsi="http://www.w3.org/2001/XMLSchema-instance"
    xsi:schemaLocation="http://www.loc.gov/MARC21/slim http://www.loc.gov/standards/marcxml/schema/MARC21slim.xsd"
    xmlns="http://www.loc.gov/MARC21/slim">

  <leader>01866nam a2200373   4500</leader>
  <controlfield tag="001">59435</controlfield>
  <controlfield tag="003">CO-BoRNBP</controlfield>
  <controlfield tag="005">20251009224500.0</controlfield>
  <controlfield tag="007">ta</controlfield>
  <controlfield tag="008">250201s2024    ck a|||ar|||| 00| 1dspa d</controlfield>
  <datafield tag="020" ind1=" " ind2=" ">
    <subfield code="a">9786289568967</subfield>
  </datafield>
  <datafield tag="040" ind1=" " ind2=" ">
    <subfield code="a">CO-BoRNBP</subfield>
    <subfield code="b">spa</subfield>
    <subfield code="e">rda</subfield>
    <subfield code="c">CO-BoRNBP</subfield>
  </datafield>
  <datafield tag="041" ind1="0" ind2=" ">
    <subfield code="h">spa</subfield>
  </datafield>
  <datafield tag="043" ind1=" " ind2=" ">
    <subfield code="a">e-sp---</subfield>
  </datafield>
  <datafield tag="084" ind1=" " ind2=" ">
    <subfield code="a">A</subfield>
  </datafield>
  <datafield tag="100" ind1=" " ind2=" ">
    <subfield code="a">L&#xF3;pez &#xC1;vila, Pilar</subfield>
    <subfield code="d">1969-</subfield>
    <subfield code="e">aut</subfield>
    <subfield code="9">65573</subfield>
  </datafield>
  <datafield tag="245" ind1="1" ind2="0">
    <subfield code="a">Si yo fuera /</subfield>
    <subfield code="c">Pilar L&#xF3;pez &#xC1;vila.</subfield>
  </datafield>
  <datafield tag="250" ind1=" " ind2=" ">
    <subfield code="a">Edici&#xF3;n especial</subfield>
  </datafield>
  <datafield tag="264" ind1=" " ind2="1">
    <subfield code="a">Bogot&#xE1;, Colombia :</subfield>
    <subfield code="b">AS ediciones,</subfield>
    <subfield code="c">2024</subfield>
  </datafield>
  <datafield tag="300" ind1=" " ind2=" ">
    <subfield code="a">30 p&#xE1;ginas sin numerar :</subfield>
    <subfield code="b">ilustraciones a color</subfield>
  </datafield>
  <datafield tag="336" ind1=" " ind2=" ">
    <subfield code="a">texto</subfield>
    <subfield code="b">txt</subfield>
    <subfield code="2">rdacontenido</subfield>
  </datafield>
  <datafield tag="337" ind1=" " ind2=" ">
    <subfield code="a">sin mediaci&#xF3;n</subfield>
    <subfield code="b">n</subfield>
    <subfield code="2">rdamedio</subfield>
  </datafield>
  <datafield tag="338" ind1=" " ind2=" ">
    <subfield code="a">volumen</subfield>
    <subfield code="b">nc</subfield>
    <subfield code="2">rdasoporte</subfield>
  </datafield>
  <datafield tag="520" ind1=" " ind2=" ">
    <subfield code="a">Este &#xE1;lbum, de estructura circular e iterativa, nos plantea un bello recorrido por el ciclo natural, el que equilibra de forma arm&#xF3;nica un planeta actualmente amenazado por el hombre. En el se pone en valor la diversidad de nuestro planeta y la conexi&#xF3;n del ser humano con la Naturaleza, como un elemento m&#xE1;s de una rica cadena de la que somos parte esencial. Este itinerario culmina con una llamada a la acci&#xF3;n por parte de la protagonista, la ni&#xF1;a que se reconoce como parte del fr&#xE1;gil equilibrio de la naturaleza. El mensaje se refuerza con las coloristas ilustraciones de la ilustradora colombiana Gina Rosas Moncada</subfield>
  </datafield>
  <datafield tag="521" ind1=" " ind2=" ">
    <subfield code="a">Recomendado para un p&#xFA;blico infantil mayor de 3 a&#xF1;os</subfield>
  </datafield>
  <datafield tag="545" ind1=" " ind2=" ">
    <subfield code="a">Incluye datos biogr&#xE1;ficos del autor e ilustradora</subfield>
  </datafield>
  <datafield tag="650" ind1="0" ind2="4">
    <subfield code="a">&#xC1;lbumes infantiles espa&#xF1;oles</subfield>
    <subfield code="y">Siglo XX</subfield>
    <subfield code="2">LEMB</subfield>
    <subfield code="9">844</subfield>
  </datafield>
  <datafield tag="650" ind1="0" ind2="7">
    <subfield code="a">Aceptaci&#xF3;n social</subfield>
    <subfield code="2">LEMB</subfield>
    <subfield code="9">65574</subfield>
  </datafield>
  <datafield tag="650" ind1="0" ind2="7">
    <subfield code="a">Ecosistemas</subfield>
    <subfield code="x">Conservaci&#xF3;n</subfield>
    <subfield code="2">lemb</subfield>
    <subfield code="9">65575</subfield>
  </datafield>
  <datafield tag="650" ind1="0" ind2="7">
    <subfield code="a">Libros ilustrados para ni&#xF1;os</subfield>
    <subfield code="2">LEMB</subfield>
    <subfield code="9">2001</subfield>
  </datafield>
  <datafield tag="650" ind1="0" ind2="4">
    <subfield code="a">Literatura infantil espa&#xF1;ola</subfield>
    <subfield code="2">LEMB</subfield>
    <subfield code="9">726</subfield>
  </datafield>
  <datafield tag="650" ind1="0" ind2="7">
    <subfield code="a">Relaci&#xF3;n hombre</subfield>
    <subfield code="2">lemb</subfield>
    <subfield code="9">65576</subfield>
  </datafield>
  <datafield tag="942" ind1=" " ind2=" ">
    <subfield code="2">loc</subfield>
    <subfield code="c">BKLITI</subfield>
    <subfield code="n">0</subfield>
  </datafield>
  <datafield tag="999" ind1=" " ind2=" ">
    <subfield code="c">59435</subfield>
    <subfield code="d">59435</subfield>
  </datafield>
  <datafield tag="952" ind1=" " ind2=" ">
    <subfield code="0">0</subfield>
    <subfield code="1">0</subfield>
    <subfield code="2">ddc</subfield>
    <subfield code="4">0</subfield>
    <subfield code="7">0</subfield>
    <subfield code="8">INF</subfield>
    <subfield code="a">MEFTEORO</subfield>
    <subfield code="b">MEFTEORO</subfield>
    <subfield code="c">SInf</subfield>
    <subfield code="d">2025-10-09</subfield>
    <subfield code="l">0</subfield>
    <subfield code="o">A LOP22</subfield>
    <subfield code="p">Fo02832</subfield>
    <subfield code="r">2025-10-09 22:46:42</subfield>
    <subfield code="t">Ej.1</subfield>
    <subfield code="w">2025-10-09</subfield>
    <subfield code="y">BKLITI</subfield>
  </datafield>
  <datafield tag="952" ind1=" " ind2=" ">
    <subfield code="0">0</subfield>
    <subfield code="1">0</subfield>
    <subfield code="2">ddc</subfield>
    <subfield code="4">0</subfield>
    <subfield code="7">0</subfield>
    <subfield code="8">INF</subfield>
    <subfield code="a">MECASTIL</subfield>
    <subfield code="b">MECASTIL</subfield>
    <subfield code="c">SInf</subfield>
    <subfield code="d">2025-10-16</subfield>
    <subfield code="l">0</subfield>
    <subfield code="o">A</subfield>
    <subfield code="p">EC03172</subfield>
    <subfield code="r">2025-10-16 19:40:27</subfield>
    <subfield code="t">Ej.1</subfield>
    <subfield code="w">2025-10-16</subfield>
    <subfield code="y">BKLITI</subfield>
  </datafield>
  <datafield tag="952" ind1=" " ind2=" ">
    <subfield code="0">0</subfield>
    <subfield code="1">0</subfield>
    <subfield code="2">ddc</subfield>
    <subfield code="4">0</subfield>
    <subfield code="7">0</subfield>
    <subfield code="8">INF</subfield>
    <subfield code="a">MESGUARO</subfield>
    <subfield code="b">MESGUARO</subfield>
    <subfield code="c">SInf</subfield>
    <subfield code="d">2025-10-20</subfield>
    <subfield code="l">0</subfield>
    <subfield code="o">A LOP22</subfield>
    <subfield code="p">SG04256</subfield>
    <subfield code="r">2025-10-20 19:35:48</subfield>
    <subfield code="t">Ej.1</subfield>
    <subfield code="w">2025-10-20</subfield>
    <subfield code="y">BKLITI</subfield>
  </datafield>
  <datafield tag="952" ind1=" " ind2=" ">
    <subfield code="0">0</subfield>
    <subfield code="1">0</subfield>
    <subfield code="2">ddc</subfield>
    <subfield code="4">0</subfield>
    <subfield code="7">0</subfield>
    <subfield code="8">INF</subfield>
    <subfield code="a">MEMAPIRI</subfield>
    <subfield code="b">MEMAPIRI</subfield>
    <subfield code="c">SInf</subfield>
    <subfield code="d">2025-10-23</subfield>
    <subfield code="l">0</subfield>
    <subfield code="o">A LOP22</subfield>
    <subfield code="p">MAP00004599</subfield>
    <subfield code="r">2025-10-23 19:53:56</subfield>
    <subfield code="t">Ej.1</subfield>
    <subfield code="w">2025-10-23</subfield>
    <subfield code="y">BKLITI</subfield>
  </datafield>
  <datafield tag="952" ind1=" " ind2=" ">
    <subfield code="0">0</subfield>
    <subfield code="1">0</subfield>
    <subfield code="2">ddc</subfield>
    <subfield code="4">0</subfield>
    <subfield code="7">0</subfield>
    <subfield code="a">MELEJANI</subfield>
    <subfield code="b">MELEJANI</subfield>
    <subfield code="c">GEN</subfield>
    <subfield code="d">2025-10-24</subfield>
    <subfield code="l">0</subfield>
    <subfield code="o">A</subfield>
    <subfield code="p">LEJ01006</subfield>
    <subfield code="r">2025-10-24 15:55:10</subfield>
    <subfield code="t">Ej.1</subfield>
    <subfield code="w">2025-10-24</subfield>
    <subfield code="y">BKLITI</subfield>
  </datafield>
  <datafield tag="952" ind1=" " ind2=" ">
    <subfield code="0">0</subfield>
    <subfield code="1">0</subfield>
    <subfield code="2">ddc</subfield>
    <subfield code="4">0</subfield>
    <subfield code="7">0</subfield>
    <subfield code="8">INF</subfield>
    <subfield code="a">MECLANUE</subfield>
    <subfield code="b">MECLANUE</subfield>
    <subfield code="c">SInf</subfield>
    <subfield code="d">2025-10-31</subfield>
    <subfield code="l">0</subfield>
    <subfield code="o">A LOP22</subfield>
    <subfield code="p">CLN00450</subfield>
    <subfield code="r">2025-10-31 16:54:38</subfield>
    <subfield code="t">Ej.1</subfield>
    <subfield code="w">2025-10-31</subfield>
    <subfield code="y">BKLITI</subfield>
  </datafield>
  <datafield tag="952" ind1=" " ind2=" ">
    <subfield code="0">0</subfield>
    <subfield code="1">0</subfield>
    <subfield code="2">ddc</subfield>
    <subfield code="4">0</subfield>
    <subfield code="7">0</subfield>
    <subfield code="8">INF</subfield>
    <subfield code="a">MEMACARE</subfield>
    <subfield code="b">MEMACARE</subfield>
    <subfield code="c">SInf</subfield>
    <subfield code="d">2025-11-04</subfield>
    <subfield code="l">0</subfield>
    <subfield code="o">ALOP22</subfield>
    <subfield code="p">LM03496</subfield>
    <subfield code="r">2025-11-04 19:38:17</subfield>
    <subfield code="t">Ej.1</subfield>
    <subfield code="w">2025-11-04</subfield>
    <subfield code="y">BKLITI</subfield>
  </datafield>
  <datafield tag="952" ind1=" " ind2=" ">
    <subfield code="0">0</subfield>
    <subfield code="1">0</subfield>
    <subfield code="2">ddc</subfield>
    <subfield code="4">0</subfield>
    <subfield code="7">0</subfield>
    <subfield code="8">INF</subfield>
    <subfield code="a">MEPLLERAS</subfield>
    <subfield code="b">MEPLLERAS</subfield>
    <subfield code="c">LIT</subfield>
    <subfield code="d">2025-11-11</subfield>
    <subfield code="l">0</subfield>
    <subfield code="o">A LOP 22</subfield>
    <subfield code="p">PLL02554</subfield>
    <subfield code="r">2025-11-11 21:51:22</subfield>
    <subfield code="t">Ej.1</subfield>
    <subfield code="w">2025-11-11</subfield>
    <subfield code="y">BKINF</subfield>
  </datafield>
  <datafield tag="952" ind1=" " ind2=" ">
    <subfield code="0">0</subfield>
    <subfield code="1">0</subfield>
    <subfield code="2">ddc</subfield>
    <subfield code="4">0</subfield>
    <subfield code="7">0</subfield>
    <subfield code="8">INF</subfield>
    <subfield code="a">MEGRANAD</subfield>
    <subfield code="b">MEGRANAD</subfield>
    <subfield code="c">SInf</subfield>
    <subfield code="d">2025-12-17</subfield>
    <subfield code="l">0</subfield>
    <subfield code="o">A LOP22</subfield>
    <subfield code="p">GRDA00583</subfield>
    <subfield code="r">2025-12-17 20:01:41</subfield>
    <subfield code="t">Ej.1</subfield>
    <subfield code="w">2025-12-17</subfield>
    <subfield code="y">BKLITI</subfield>
  </datafield>
  <datafield tag="952" ind1=" " ind2=" ">
    <subfield code="0">0</subfield>
    <subfield code="1">0</subfield>
    <subfield code="2">ddc</subfield>
    <subfield code="4">0</subfield>
    <subfield code="7">0</subfield>
    <subfield code="8">INF</subfield>
    <subfield code="a">MEGUAMAL</subfield>
    <subfield code="b">MEGUAMAL</subfield>
    <subfield code="c">SInf</subfield>
    <subfield code="d">2026-01-22</subfield>
    <subfield code="l">0</subfield>
    <subfield code="o">A LOP22</subfield>
    <subfield code="p">GUA004941</subfield>
    <subfield code="r">2026-01-22 15:14:30</subfield>
    <subfield code="t">Ej.1</subfield>
    <subfield code="w">2026-01-22</subfield>
    <subfield code="y">BKLITI</subfield>
  </datafield>
  <datafield tag="952" ind1=" " ind2=" ">
    <subfield code="0">0</subfield>
    <subfield code="1">0</subfield>
    <subfield code="2">ddc</subfield>
    <subfield code="4">0</subfield>
    <subfield code="7">0</subfield>
    <subfield code="8">INF</subfield>
    <subfield code="a">MEPLOPEZ</subfield>
    <subfield code="b">MEPLOPEZ</subfield>
    <subfield code="c">SInf</subfield>
    <subfield code="d">2026-02-05</subfield>
    <subfield code="l">0</subfield>
    <subfield code="o">A</subfield>
    <subfield code="p">PLZ01703</subfield>
    <subfield code="r">2026-02-05 22:09:36</subfield>
    <subfield code="t">Ej.1</subfield>
    <subfield code="w">2026-02-05</subfield>
    <subfield code="y">BKLITI</subfield>
  </datafield>
  <datafield tag="952" ind1=" " ind2=" ">
    <subfield code="0">0</subfield>
    <subfield code="1">0</subfield>
    <subfield code="2">ddc</subfield>
    <subfield code="4">0</subfield>
    <subfield code="7">0</subfield>
    <subfield code="8">008</subfield>
    <subfield code="a">MEVIECAR</subfield>
    <subfield code="b">MEVIECAR</subfield>
    <subfield code="c">SInf</subfield>
    <subfield code="d">2025-06-11</subfield>
    <subfield code="l">0</subfield>
    <subfield code="o">A LOP 22</subfield>
    <subfield code="p">33523</subfield>
    <subfield code="r">2026-02-25 13:39:16</subfield>
    <subfield code="t">Ej.1</subfield>
    <subfield code="w">2026-02-25</subfield>
    <subfield code="y">BKLITI</subfield>
  </datafield>
  <datafield tag="952" ind1=" " ind2=" ">
    <subfield code="0">0</subfield>
    <subfield code="1">0</subfield>
    <subfield code="2">ddc</subfield>
    <subfield code="4">0</subfield>
    <subfield code="7">0</subfield>
    <subfield code="8">INF</subfield>
    <subfield code="a">MESMARTI</subfield>
    <subfield code="b">MESMARTI</subfield>
    <subfield code="c">SInf</subfield>
    <subfield code="d">2026-04-13</subfield>
    <subfield code="l">0</subfield>
    <subfield code="o">A LOP 22</subfield>
    <subfield code="p">SM04553</subfield>
    <subfield code="r">2026-04-13 13:54:10</subfield>
    <subfield code="t">Ej.1</subfield>
    <subfield code="w">2026-04-13</subfield>
    <subfield code="y">BKLITI</subfield>
  </datafield>
  <datafield tag="952" ind1=" " ind2=" ">
    <subfield code="0">0</subfield>
    <subfield code="1">0</subfield>
    <subfield code="2">ddc</subfield>
    <subfield code="4">0</subfield>
    <subfield code="7">0</subfield>
    <subfield code="8">INF</subfield>
    <subfield code="a">MEMAPJGA</subfield>
    <subfield code="b">MEMAPJGA</subfield>
    <subfield code="c">SInf</subfield>
    <subfield code="d">2026-05-04</subfield>
    <subfield code="l">0</subfield>
    <subfield code="o">A LOP22</subfield>
    <subfield code="p">MPJG01242</subfield>
    <subfield code="r">2026-05-04 20:32:09</subfield>
    <subfield code="t">Ej.1</subfield>
    <subfield code="w">2026-05-04</subfield>
    <subfield code="y">BKLITI</subfield>
  </datafield>
</record>
